[Event "4NCL/Div2/GUI2 vs. PYO"]
[Site "West Bromwich ENG"]
[Date "2004.05.01"]
[Round "7.2"]
[White "Bigg, Andrew J"]
[Black "King, Daniel J"]
[Result "1/2-1/2"]
[WhiteElo "2267"]
[BlackElo "2497"]
[PlyCount "121"]
[EventDate "2004.05.01"]

1. d4 Nf6 2. Bg5 e6 3. e4 h6 4. Bxf6 Qxf6 5. c3 d5 6. Nd2 c5 7. Ngf3 cxd4 8.
exd5 exd5 9. Nxd4 Nc6 10. N2b3 Bd6 11. Qf3 Qxf3 12. Nxf3 Bg4 13. Be2 O-O-O 14.
O-O Rhe8 15. Rfe1 Bc7 16. Nfd4 Ne5 17. Bb5 Bd7 18. Bxd7+ Kxd7 19. Nc5+ Kc8 20.
f4 Nc4 21. b3 Nd2 22. Nd3 Ne4 23. Rac1 Kb8 24. g3 Bb6 25. Kg2 h5 26. Nf3 f6 27.
f5 Nd6 28. Nh4 Be3 29. Rcd1 Bg5 30. Nf3 Nxf5 31. Nxg5 fxg5 32. Rxe8 Rxe8 33.
Re1 Rxe1 34. Nxe1 g4 35. Nd3 Ne3+ 36. Kf2 Nd1+ 37. Ke2 Nxc3+ 38. Ke3 g5 39. Kd4
Nxa2 40. Kxd5 Kc7 41. Ke5 Nc3 42. Kf5 Nd5 43. Kxg5 Ne3 44. Kxh5 a5 45. Kg5 Kd6
46. Kf4 Nf1 47. Kxg4 Nxh2+ 48. Kf4 Kd5 49. g4 Nxg4 50. Kxg4 Kd4 51. Nc1 Kc3 52.
Kf4 b5 53. Ke3 b4 54. Nd3 Kxb3 55. Kd2 Ka2 56. Kc1 b3 57. Nb2 Ka3 58. Nc4+ Kb4
59. Nxa5 Kxa5 60. Kb2 Kb4 61. Kb1 1/2-1/2

[Event "4NCL/Div2/GUI2 vs. PYO"]
[Site "West Bromwich ENG"]
[Date "2004.05.01"]
[Round "7.3"]
[White "Povah, Nigel E"]
[Black "Broomfield, Matthew"]
[Result "1/2-1/2"]
[WhiteElo "2369"]
[BlackElo "2278"]
[PlyCount "73"]
[EventDate "2004.05.01"]

1. d4 e6 2. Nf3 Nf6 3. Bg5 c5 4. e3 b6 5. d5 exd5 6. Nc3 Bb7 7. Nxd5 Bxd5 8.
Bxf6 Qxf6 9. Qxd5 Nc6 10. Bb5 Qe6 11. Qxe6+ fxe6 12. Bxc6 dxc6 13. O-O-O Be7
14. Ne5 Rc8 15. Rd2 Bf6 16. Ng4 Ke7 17. Rhd1 Rc7 18. f4 h5 19. Nf2 e5 20. Ne4
exf4 21. exf4 Re8 22. Nd6 Rd8 23. Nf5+ Ke8 24. Rxd8+ Bxd8 25. Nd6+ Kf8 26. Nb5
cxb5 27. Rxd8+ Kf7 28. Kd2 Kf6 29. Rd5 g6 30. Ke3 Re7+ 31. Kf3 Re1 32. Rd2 b4
33. h3 Rf1+ 34. Ke4 Re1+ 35. Kf3 Rf1+ 36. Ke4 Re1+ 37. Kf3 1/2-1/2

[Event "4NCL/Div2/GUI2 vs. PYO"]
[Site "West Bromwich ENG"]
[Date "2004.05.01"]
[Round "7.4"]
[White "Player, Edmund C"]
[Black "Thompson, Ian D"]
[Result "1/2-1/2"]
[WhiteElo "2151"]
[BlackElo "2259"]
[PlyCount "106"]
[EventDate "2004.05.01"]

1. e4 e6 2. d4 d5 3. Nd2 Nf6 4. e5 Nfd7 5. Bd3 c5 6. c3 Nc6 7. Ne2 cxd4 8. cxd4
f6 9. exf6 Qxf6 10. Nf3 h6 11. O-O Bd6 12. Ng3 O-O 13. Be3 e5 14. dxe5 Ndxe5
15. Be2 Be6 16. Nd4 Nxd4 17. Bxd4 Qh4 18. Bxe5 Bxe5 19. Bf3 Bd4 20. Qb3 Kh8 21.
Bxd5 Rxf2 22. Kh1 Rxb2 23. Qf3 Bxd5 24. Qxd5 Rd8 25. Qf3 Be5 26. Rad1 Bxg3 27.
Rxd8+ Qxd8 28. Qxg3 Rxa2 29. Qb3 Rd2 30. Qxb7 Rd1 31. Qf3 Rxf1+ 32. Qxf1 a5 33.
Qa1 Qf6 34. Qe1 a4 35. h3 a3 36. Qa5 Qf1+ 37. Kh2 Qd3 38. Qa4 Kh7 39. Qa5 Qd6+
40. Kh1 Qd1+ 41. Kh2 Qd6+ 42. Kh1 Kg6 43. Qa4 Kf6 44. Qh4+ Kf7 45. Qc4+ Qe6 46.
Qc7+ Qe7 47. Qc4+ Kf6 48. Qc3+ Ke6 49. Qb3+ Kd7 50. Qb7+ Ke8 51. Qc8+ Qd8 52.
Qc6+ Ke7 53. Qe4+ Kf7 1/2-1/2

[Event "4NCL/Div2/GUI2 vs. PYO"]
[Site "West Bromwich ENG"]
[Date "2004.05.01"]
[Round "7.5"]
[White "Granat, Russell G"]
[Black "Eckersley Waites, Tom"]
[Result "1-0"]
[WhiteElo "2252"]
[BlackElo "2139"]
[PlyCount "69"]
[EventDate "2004.05.01"]

1. e4 c5 2. Nf3 d6 3. Nc3 Nf6 4. d3 g6 5. Be2 Bg7 6. O-O Nc6 7. Nd5 Nxd5 8.
exd5 Nb4 9. c4 e5 10. Bg5 f6 11. Bd2 Na6 12. a3 O-O 13. b4 f5 14. Rb1 h6 15.
bxc5 dxc5 16. Qc1 g5 17. Bc3 Qd6 18. Re1 g4 19. Nh4 f4 20. Bd1 Re8 21. Rb2 Bf6
22. Rbe2 Bxh4 23. Bxe5 Qg6 24. Qxf4 Bg5 25. Qg3 Bf5 26. Ba4 Rf8 27. Rb2 h5 28.
h4 gxh3 29. f4 Bf6 30. Qxg6+ Bxg6 31. Rxb7 Bxd3 32. Re3 Bxe5 33. fxe5 Bxc4 34.
Rg3+ Kh8 35. Bc2 1-0

[Event "4NCL/Div2/GUI2 vs. PYO"]
[Site "West Bromwich ENG"]
[Date "2004.05.01"]
[Round "7.6"]
[White "Levermore, Peter A"]
[Black "Jackson, Adrian"]
[Result "1/2-1/2"]
[WhiteElo "2066"]
[BlackElo "2217"]
[PlyCount "138"]
[EventDate "2004.05.01"]

1. e4 c5 2. c3 d6 3. d4 Nf6 4. Bd3 Nc6 5. Ne2 e6 6. O-O Be7 7. Bc2 O-O 8. Nd2
cxd4 9. cxd4 b6 10. b3 Ba6 11. Nf3 d5 12. exd5 Nxd5 13. Bd3 Bxd3 14. Qxd3 Rc8
15. a3 Bf6 16. Bb2 Qe7 17. Rac1 Qb7 18. Ne5 Rfd8 19. Qf3 Nxe5 20. dxe5 Bg5 21.
Rc4 Qe7 22. Nd4 Qd7 23. Qg4 Bh6 24. Bc1 Rxc4 25. bxc4 Bxc1 26. Rxc1 Nf4 27.
Qxf4 Qxd4 28. Qxd4 Rxd4 29. g3 g5 30. c5 bxc5 31. Rxc5 Ra4 32. Rc3 Kg7 33. f3
Kg6 34. g4 Ra5 35. Re3 Rb5 36. Kf2 Rb2+ 37. Kg3 h5 38. gxh5+ Kxh5 39. Rc3 Ra2
40. Rb3 Kg6 41. f4 gxf4+ 42. Kxf4 Rxh2 43. Rg3+ Kh6 44. Ke3 Rh4 45. Kd2 Re4 46.
Rc3 Kg6 47. Rg3+ Kf5 48. Rg7 Kxe5 49. Rxf7 Ra4 50. Rf3 Kd5 51. Kc2 e5 52. Kb3
Rf4 53. Rd3+ Rd4 54. Rh3 a5 55. Rh8 a4+ 56. Kc3 Rc4+ 57. Kd3 e4+ 58. Kd2 Rd4+
59. Ke2 Kc4 60. Ke3 Rd3+ 61. Kxe4 Rxa3 62. Rc8+ Kb3 63. Kd3 Kb2+ 64. Kd2 Rb3
65. Rc2+ Ka1 66. Rc1+ Ka2 67. Rc2+ Rb2 68. Kc1 a3 69. Rc8 Rb1+ 1/2-1/2

[Event "4NCL/Div2/GUI2 vs. PYO"]
[Site "West Bromwich ENG"]
[Date "2004.05.01"]
[Round "7.7"]
[White "Frostick, Clive A"]
[Black "Miller, Naomi K"]
[Result "1/2-1/2"]
[WhiteElo "2162"]
[BlackElo "1680"]
[PlyCount "67"]
[EventDate "2004.05.01"]

1. e4 c5 2. Nf3 d6 3. d4 cxd4 4. Nxd4 Nf6 5. Nc3 a6 6. g3 e5 7. Nde2 b5 8. Bg2
Bb7 9. O-O Nbd7 10. h3 Be7 11. g4 Nb6 12. Ng3 O-O 13. Nf5 b4 14. Nd5 Nfxd5 15.
exd5 Bc8 16. Ng3 Bd7 17. a3 bxa3 18. b3 Qc8 19. Bxa3 f5 20. gxf5 Bxf5 21. Nxf5
Qxf5 22. Qe2 Nd7 23. Bc1 Nc5 24. b4 Nd7 25. Be3 Rfc8 26. Rfc1 Bg5 27. Rxa6 Bxe3
28. fxe3 Rxa6 29. Qxa6 Rxc2 30. Rf1 Rxg2+ 31. Kxg2 Qg6+ 32. Kh2 Qc2+ 33. Kg1
Qg6+ 34. Kh2 1/2-1/2

[Event "4NCL/Div2/GUI2 vs. PYO"]
[Site "West Bromwich ENG"]
[Date "2004.05.01"]
[Round "7.8"]
[White "Wells, Daniel J"]
[Black "Yurenok, Maria S"]
[Result "1-0"]
[WhiteElo "1456"]
[BlackElo "2100"]
[PlyCount "91"]
[EventDate "2004.05.01"]

1. e4 c5 2. Nf3 e6 3. Nc3 Nc6 4. Bb5 d6 5. Bxc6+ bxc6 6. O-O Ba6 7. Re1 Ne7 8.
b3 Ng6 9. d3 Be7 10. Bb2 e5 11. Ne2 O-O 12. Ng3 Bc8 13. c4 Bg4 14. h3 Be6 15.
Nf5 Qd7 16. Nxe7+ Qxe7 17. Bc1 h6 18. Nh2 f5 19. Qh5 Kh7 20. f4 Qd7 21. Nf3 Bf7
22. fxe5 dxe5 23. exf5 Nf4 24. Qh4 Qxd3 25. Bxf4 exf4 26. Qxf4 Be8 27. Re5 Rd8
28. Rae1 Qc2 29. R1e2 Qb1+ 30. Kh2 Kg8 31. f6 Qg6 32. Rxc5 Qxf6 33. Qxf6 Rxf6
34. Re7 a6 35. Ra7 Rfd6 36. Rxa6 R8d7 37. b4 Rd8 38. a4 Rb8 39. b5 Rf6 40. Ne5
cxb5 41. cxb5 Rxa6 42. bxa6 Bxa4 43. a7 Ra8 44. Rc7 Rf8 45. Rb7 Bc2 46. Nd7 1-0

[Event "4NCL/Div2/PPA1 vs. BAR3"]
[Site "West Bromwich ENG"]
[Date "2004.05.02"]
[Round "8.1"]
[White "Swanson, Stephen"]
[Black "Twyble, Michael S"]
[Result "1/2-1/2"]
[WhiteElo "2283"]
[BlackElo "2245"]
[PlyCount "34"]
[EventDate "2004.05.02"]

1. e4 e5 2. Nc3 Nf6 3. g3 Bc5 4. Bg2 O-O 5. Nf3 d5 6. Nxd5 Nxe4 7. Ne3 Nc6 8.
O-O Nf6 9. d3 Re8 10. a3 a5 11. Ng5 h6 12. Ne4 Be7 13. Bd2 Nd4 14. Re1 Nxe4 15.
dxe4 Be6 16. Bc3 Bc5 17. h3 c6 1/2-1/2

[Event "4NCL/Div2/PPA1 vs. BAR3"]
[Site "West Bromwich ENG"]
[Date "2004.05.02"]
[Round "8.2"]
[White "Lewis, Andrew P"]
[Black "Posazhennikov, Alex"]
[Result "1-0"]
[WhiteElo "2236"]
[BlackElo "2253"]
[PlyCount "51"]
[EventDate "2004.05.02"]

1. c4 f5 2. g3 Nf6 3. Bg2 e5 4. d4 e4 5. Nc3 c6 6. Bg5 h6 7. Bxf6 Qxf6 8. f3
exf3 9. Nxf3 Bb4 10. O-O O-O 11. e4 Bxc3 12. bxc3 d6 13. exf5 Qxf5 14. Nh4 Qe6
15. Rxf8+ Kxf8 16. Qd3 Kg8 17. d5 Qe8 18. Rf1 Bg4 19. Be4 Bh5 20. Bh7+ Kh8 21.
Bg6 Bxg6 22. Nxg6+ Kg8 23. Rf8+ Qxf8 24. Nxf8 Kxf8 25. Qf5+ Ke7 26. Qc8 1-0

[Event "4NCL/Div2/PPA1 vs. BAR3"]
[Site "West Bromwich ENG"]
[Date "2004.05.02"]
[Round "8.3"]
[White "Harley, Andrew"]
[Black "Taylor, Peter"]
[Result "1/2-1/2"]
[WhiteElo "2238"]
[BlackElo "2270"]
[PlyCount "53"]
[EventDate "2004.05.02"]

1. e4 c6 2. d4 d5 3. exd5 cxd5 4. c4 Nf6 5. Nc3 e6 6. Nf3 Bb4 7. Bd3 dxc4 8.
Bxc4 O-O 9. O-O Nbd7 10. Qe2 Bxc3 11. bxc3 Qc7 12. Bg5 b6 13. Rac1 Bb7 14. Bh4
Rac8 15. Bd3 Rfe8 16. Rfe1 Qc6 17. Bb5 Qd6 18. Ne5 Rf8 19. f3 a6 20. Bxa6 Bxa6
21. Qxa6 Ra8 22. Qe2 Qa3 23. Nxd7 Nxd7 24. Qb5 Qa4 25. Qxa4 Rxa4 26. Rc2 Rfa8
27. Ree2 1/2-1/2

[Event "4NCL/Div2/PPA1 vs. BAR3"]
[Site "West Bromwich ENG"]
[Date "2004.05.02"]
[Round "8.4"]
[White "Mack, Andrew"]
[Black "Moore, Gerald"]
[Result "1/2-1/2"]
[WhiteElo "2262"]
[BlackElo "2225"]
[PlyCount "35"]
[EventDate "2004.05.02"]

1. e4 c5 2. Nf3 e6 3. Nc3 d6 4. d4 cxd4 5. Nxd4 Nc6 6. g3 Nf6 7. Bg2 Bd7 8. O-O
Be7 9. Be3 O-O 10. Nxc6 Bxc6 11. a4 Qc7 12. a5 Rfd8 13. Qe2 d5 14. exd5 Nxd5
15. Nxd5 Bxd5 16. Bxd5 Rxd5 17. a6 Bc5 18. axb7 1/2-1/2

[Event "4NCL/Div2/PPA1 vs. BAR3"]
[Site "West Bromwich ENG"]
[Date "2004.05.02"]
[Round "8.5"]
[White "Byway, Paul"]
[Black "Hodgson, John H"]
[Result "0-1"]
[WhiteElo "2213"]
[BlackElo "2219"]
[PlyCount "76"]
[EventDate "2004.05.02"]

1. Nf3 Nf6 2. d4 g6 3. Bf4 Bg7 4. e3 O-O 5. c4 c5 6. Nc3 cxd4 7. exd4 d5 8. Be5
dxc4 9. Bxc4 Nc6 10. O-O Bg4 11. h3 Bxf3 12. Qxf3 Rc8 13. Rfd1 Qa5 14. Bb3 Nxe5
15. dxe5 Qxe5 16. Qxb7 Qc7 17. Qa6 Rfd8 18. Qe2 e6 19. Nb5 Qb6 20. Rac1 Rxc1
21. Rxc1 Bh6 22. Rd1 Rxd1+ 23. Bxd1 Nd5 24. Na3 Nf4 25. Qc2 Bf8 26. Nc4 Qd4 27.
Be2 Bc5 28. Bf1 Nd5 29. a3 Qf6 30. g3 h5 31. b4 Bd4 32. Nd6 Qe5 33. Ne4 f5 34.
Qc8+ Kg7 35. Qd7+ Kh6 36. Nd6 Qxg3+ 37. Kh1 Qf3+ 38. Bg2 Qd1+ 0-1

[Event "4NCL/Div2/PPA1 vs. BAR3"]
[Site "West Bromwich ENG"]
[Date "2004.05.02"]
[Round "8.6"]
[White "Rich, Mark"]
[Black "Morgan, Ben"]
[Result "1-0"]
[WhiteElo "2198"]
[BlackElo "2204"]
[PlyCount "81"]
[EventDate "2004.05.02"]

1. e4 e6 2. d3 d5 3. Nd2 c5 4. g3 Bd6 5. Bg2 Ne7 6. f4 Nbc6 7. Ngf3 f6 8. O-O
O-O 9. c4 d4 10. Qe2 Bc7 11. a3 a5 12. Rf2 Bd7 13. Nf1 a4 14. Bd2 Rb8 15. Rc1
b5 16. cxb5 Rxb5 17. Be1 Ba5 18. Qc2 Bxe1 19. Rxe1 Na5 20. Bh3 Qc7 21. Nxd4 Rb6
22. Qc3 Rd6 23. Rc2 Rc8 24. Nf3 Rc6 25. Ne3 Nb3 26. Nc4 Rb8 27. Rd1 Qa7 28. Qe1
Be8 29. e5 f5 30. g4 Bg6 31. Rf2 fxg4 32. Bxg4 Bf5 33. Rg2 Bxg4 34. Rxg4 Nf5
35. Qf2 Qf7 36. Kh1 Rd8 37. Ng5 Qh5 38. Rdg1 Nbd4 39. Ne4 Kf8 40. Qg2 Ne3 41.
Nxe3 1-0

[Event "4NCL/Div2/PPA1 vs. BAR3"]
[Site "West Bromwich ENG"]
[Date "2004.05.02"]
[Round "8.7"]
[White "Rosen, Daniel B"]
[Black "Bhatia, Kanwal K"]
[Result "1-0"]
[WhiteElo "2145"]
[BlackElo "2065"]
[PlyCount "49"]
[EventDate "2004.05.02"]

1. e4 e5 2. Nf3 Nc6 3. Bb5 a6 4. Ba4 Nf6 5. O-O b5 6. Bb3 Bc5 7. c3 d6 8. h3
Bb7 9. d3 h6 10. Re1 O-O 11. Nbd2 Re8 12. Nf1 Qd7 13. Ng3 d5 14. Qe2 dxe4 15.
dxe4 Na5 16. Bc2 Nc4 17. a4 Rad8 18. axb5 axb5 19. Nh4 Nd6 20. Nhf5 Nxf5 21.
Nxf5 Bc6 22. Qf3 Qe6 23. Bxh6 Nxe4 24. Bxe4 Bxe4 25. Rxe4 1-0

[Event "4NCL/Div2/PPA1 vs. BAR3"]
[Site "West Bromwich ENG"]
[Date "2004.05.02"]
[Round "8.8"]
[White "Flower, David"]
[Black "Day, Tom W"]
[Result "1-0"]
[WhiteElo "2125"]
[BlackElo "2134"]
[PlyCount "49"]
[EventDate "2004.05.02"]

1. g3 d5 2. Nf3 Nc6 3. d4 g6 4. b3 Bg7 5. Bb2 Bg4 6. Nbd2 Qd6 7. Bg2 Nh6 8. h3
Bxf3 9. Nxf3 O-O-O 10. Qd2 f6 11. O-O g5 12. Rfd1 Nf5 13. Qd3 Qd7 14. c4 dxc4
15. bxc4 h5 16. d5 Nb8 17. Nd4 Nxd4 18. Bxd4 c5 19. Bxc5 f5 20. Rab1 b6 21. Be3
g4 22. c5 Bh6 23. cxb6 Bxe3 24. Qxe3 Nc6 25. Rdc1 1-0

[Event "4NCL/Div2/3CS2 vs. WES1"]
[Site "West Bromwich ENG"]
[Date "2004.05.02"]
[Round "8.1"]
[White "James, Dale R"]
[Black "Webb, Richard M"]
[Result "1/2-1/2"]
[WhiteElo "2200"]
[BlackElo "2348"]
[PlyCount "37"]
[EventDate "2004.05.02"]

1. e4 c5 2. Nf3 d6 3. d4 cxd4 4. Nxd4 Nf6 5. Nc3 g6 6. Be2 Bg7 7. Be3 O-O 8.
O-O Nc6 9. Nb3 Be6 10. f4 Na5 11. f5 Bc4 12. Bd3 Bxd3 13. cxd3 d5 14. Nxa5 Qxa5
15. e5 d4 16. Bxd4 Nd7 17. f6 exf6 18. exf6 Bxf6 19. Bxf6 1/2-1/2

[Event "4NCL/Div2/3CS2 vs. WES1"]
[Site "West Bromwich ENG"]
[Date "2004.05.02"]
[Round "8.2"]
[White "Simons, Martin J"]
[Black "Juanoobi, Ali"]
[Result "1/2-1/2"]
[WhiteElo "2285"]
[BlackElo "2264"]
[PlyCount "132"]
[EventDate "2004.05.02"]

1. e4 g6 2. d4 Bg7 3. Nc3 d6 4. Be3 Nd7 5. Nf3 a6 6. Qd2 b5 7. Bd3 Bb7 8. a4 b4
9. Ne2 c5 10. c3 bxc3 11. bxc3 cxd4 12. cxd4 Nc5 13. Nc3 Nxd3+ 14. Qxd3 Nf6 15.
Rb1 Rb8 16. d5 Qd7 17. O-O O-O 18. a5 e5 19. Rb4 Rbc8 20. Rfb1 Rc7 21. R1b3 Nh5
22. Qb1 Ba8 23. Rb6 Nf4 24. Qf1 Rfc8 25. Rxa6 f5 26. exf5 Bb7 27. Ra7 Nxd5 28.
Nxd5 Bxd5 29. Rxc7 Qxc7 30. Bb6 Qc1 31. Rb1 Qxf1+ 32. Rxf1 gxf5 33. h3 Bh6 34.
Rd1 Rc1 35. Rxc1 Bxc1 36. Kf1 Kf7 37. Ke2 Bc4+ 38. Kd1 Ba3 39. Nd2 Bd3 40. f3
Bb4 41. g3 Ke6 42. Nb3 Kd5 43. Nc1 Bb5 44. Na2 Bc5 45. Nc3+ Kc4 46. Nxb5 Kxb5
47. Bxc5 dxc5 48. g4 f4 49. g5 c4 50. h4 e4 51. h5 exf3 52. g6 hxg6 53. hxg6 c3
54. g7 f2 55. Ke2 c2 56. g8=Q f1=Q+ 57. Kxf1 c1=Q+ 58. Ke2 Qe3+ 59. Kf1 Kxa5
60. Qa8+ Kb5 61. Qb7+ Kc4 62. Qc6+ Kd4 63. Qd6+ Ke4 64. Qg6+ Kd5 65. Qg8+ Ke4
66. Qg6+ Kd5 1/2-1/2

[Event "4NCL/Div2/3CS2 vs. WES1"]
[Site "West Bromwich ENG"]
[Date "2004.05.02"]
[Round "8.3"]
[White "Shaw, David A"]
[Black "Yeo, Michael J"]
[Result "0-1"]
[WhiteElo "2165"]
[BlackElo "2244"]
[PlyCount "58"]
[EventDate "2004.05.02"]

1. e4 e5 2. Nf3 Nc6 3. Bc4 Nf6 4. Ng5 Bc5 5. Nxf7 Bxf2+ 6. Kf1 Qe7 7. Nxh8 d5
8. exd5 Nd4 9. c3 Bg4 10. Qa4+ Nd7 11. Kxf2 Qh4+ 12. g3 Qf6+ 13. Ke1 Qf3 14.
Rf1 Qe4+ 15. Kf2 O-O-O 16. cxd4 Rf8+ 17. Kg1 Qxd4+ 18. Kg2 Qe4+ 19. Kg1 Rxf1+
20. Kxf1 Bh3+ 21. Kf2 Qg2+ 22. Ke3 Qg1+ 23. Kf3 Bg2+ 24. Kg4 Qd4+ 25. Kg5 h6+
26. Kg6 Qg4+ 27. Kf7 Qf5+ 28. Kg8 Qf8+ 29. Kh7 Be4+ 0-1

[Event "4NCL/Div2/3CS2 vs. WES1"]
[Site "West Bromwich ENG"]
[Date "2004.05.02"]
[Round "8.4"]
[White "Allicock, Rawle A"]
[Black "Adams, Phil"]
[Result "1/2-1/2"]
[WhiteElo "2279"]
[BlackElo "2077"]
[PlyCount "98"]
[EventDate "2004.05.02"]

1. Nf3 c5 2. c4 g6 3. g3 Bg7 4. Bg2 Nc6 5. O-O e6 6. Nc3 Nge7 7. d3 O-O 8. Bd2
d5 9. Qc1 b6 10. Bh6 Bb7 11. Rd1 Rc8 12. Rb1 Nf5 13. Bxg7 Kxg7 14. Qf4 d4 15.
Ne4 f6 16. g4 e5 17. Qd2 Nd6 18. Ng3 Qd7 19. h3 Rce8 20. a3 a5 21. Qc2 Kh8 22.
Qd2 f5 23. Qg5 e4 24. Nh4 e3 25. fxe3 Rxe3 26. Nxg6+ hxg6 27. Qh6+ Kg8 28.
Qxg6+ Kh8 29. Qh6+ Kg8 30. Bd5+ Rf7 31. Nh5 Ne8 32. Rf1 Ne7 33. Qg5+ Kf8 34.
Qh6+ Kg8 35. Bxf7+ Kxf7 36. Qh7+ Ke6 37. Qh6+ Kf7 38. Qh7+ Ke6 39. gxf5+ Kd6
40. Qh6+ Kc7 41. Qf4+ Nd6 42. Nf6 Qc6 43. Ne4 Nexf5 44. Qe5 Qd7 45. Rxf5 Bxe4
46. Rg5 Bc6 47. Qf6 Re6 48. Qf8 Re8 49. Qf6 Re6 1/2-1/2

[Event "4NCL/Div2/3CS2 vs. WES1"]
[Site "West Bromwich ENG"]
[Date "2004.05.02"]
[Round "8.5"]
[White "Walton, Alan J"]
[Black "Corkett, Anthony R"]
[Result "1/2-1/2"]
[WhiteElo "2126"]
[BlackElo "2314"]
[PlyCount "95"]
[EventDate "2004.05.02"]

1. d4 c6 2. c4 g6 3. Nc3 Bg7 4. e4 d6 5. Be3 a6 6. a4 a5 7. Qd2 Na6 8. Nf3 Nb4
9. Be2 Nf6 10. h3 O-O 11. O-O d5 12. e5 Ne8 13. Ne1 Be6 14. b3 f6 15. f4 Nc7
16. g4 fxe5 17. fxe5 c5 18. Rxf8+ Qxf8 19. Nd3 cxd4 20. Bxd4 Nxd3 21. Qxd3 dxc4
22. bxc4 Rd8 23. Qe4 Rd7 24. Rb1 Qc8 25. Rb6 Rd8 26. Be3 Na6 27. Qxb7 Qxb7 28.
Rxb7 Kf7 29. Ne4 h6 30. Ra7 Nb4 31. Rxa5 Nc6 32. Rc5 Nxe5 33. Bxh6 Bxh6 34.
Rxe5 Bc8 35. Rd5 Be3+ 36. Kg2 Rh8 37. Rd3 Bf4 38. Rf3 e5 39. c5 Ke7 40. Nd6 Be6
41. Rd3 Ra8 42. c6 Rxa4 43. c7 Ra8 44. Bf3 e4 45. c8=Q Bxc8 46. Nxc8+ Rxc8 47.
Bxe4 g5 48. Bf5 1/2-1/2

[Event "4NCL/Div2/3CS2 vs. WES1"]
[Site "West Bromwich ENG"]
[Date "2004.05.02"]
[Round "8.6"]
[White "Upton, Ian J"]
[Black "Plant, Paul"]
[Result "1/2-1/2"]
[WhiteElo "2224"]
[BlackElo "2097"]
[PlyCount "42"]
[EventDate "2004.05.02"]

1. d4 d5 2. c4 c6 3. Nf3 Nf6 4. Qc2 dxc4 5. Qxc4 Bf5 6. g3 e6 7. Bg2 Be7 8. O-O
Nbd7 9. Nc3 O-O 10. Qb3 Qb6 11. Qxb6 axb6 12. Re1 b5 13. e4 Bg6 14. Nh4 b4 15.
Nxg6 hxg6 16. Ne2 Ra6 17. Bd2 Rfa8 18. Nc1 e5 19. dxe5 Nxe5 20. Bf4 Nc4 21. Rb1
Nh5 1/2-1/2

[Event "4NCL/Div2/3CS2 vs. WES1"]
[Site "West Bromwich ENG"]
[Date "2004.05.02"]
[Round "8.7"]
[White "Kosteniuk, Oxana"]
[Black "Hopkins, Jamie R"]
[Result "1/2-1/2"]
[WhiteElo "2113"]
[BlackElo "2136"]
[PlyCount "24"]
[EventDate "2004.05.02"]

1. e4 d6 2. d4 Nf6 3. Nc3 c6 4. Nf3 Bg4 5. a4 a5 6. Bc4 e6 7. Bb3 Be7 8. O-O d5
9. exd5 exd5 10. Bf4 O-O 11. Qd3 Nbd7 12. Ne5 Bh5 1/2-1/2

[Event "4NCL/Div2/3CS2 vs. WES1"]
[Site "West Bromwich ENG"]
[Date "2004.05.02"]
[Round "8.8"]
[White "Khoo, Teresa"]
[Black "Martin, Katie"]
[Result "1-0"]
[WhiteElo "2044"]
[BlackElo "1993"]
[PlyCount "57"]
[EventDate "2004.05.02"]

1. e4 e5 2. Nf3 Nf6 3. d4 Nxe4 4. dxe5 d5 5. Bd3 Be7 6. O-O O-O 7. c4 f5 8.
cxd5 Qxd5 9. Qe2 Kh8 10. Re1 Nc5 11. Bc4 Qe4 12. Be3 f4 13. Nc3 Qg6 14. Bd2 Bh3
15. Qf1 Nc6 16. Nd5 Bg4 17. Nxe7 Nxe7 18. Bb4 Qb6 19. Bxc5 Qxc5 20. Ng5 h6 21.
Nf7+ Kh7 22. h3 Bh5 23. e6 b5 24. Bb3 Bxf7 25. exf7 Qg5 26. Qe2 Nc6 27. Qe4+
Qg6 28. Qxg6+ Kxg6 29. Re6+ 1-0

[Event "4NCL/Div2/SWD1 vs. BRI1"]
[Site "West Bromwich ENG"]
[Date "2004.05.02"]
[Round "8.1"]
[White "Cooper, John G"]
[Black "Cobb, Charles"]
[Result "1-0"]
[WhiteElo "2310"]
[BlackElo "2406"]
[PlyCount "55"]
[EventDate "2004.05.02"]

1. d4 e6 2. c4 d5 3. Nf3 Nf6 4. Nc3 dxc4 5. e3 a6 6. a4 c5 7. Bxc4 Nc6 8. O-O
Be7 9. Qe2 cxd4 10. Rd1 O-O 11. exd4 Nb4 12. Ne5 b6 13. Qf3 Nfd5 14. Nxd5 exd5
15. Bb3 Bb7 16. Bd2 f6 17. Ng4 Qd7 18. Rac1 Rac8 19. Rxc8 Rxc8 20. Bxb4 Bxb4
21. Qxf6 Qxg4 22. Qxb6 Qxd1+ 23. Bxd1 Rc1 24. g3 Rxd1+ 25. Kg2 a5 26. Qxb7 Rxd4
27. Qa8+ Bf8 28. Qxa5 1-0

[Event "4NCL/Div2/SWD1 vs. BRI1"]
[Site "West Bromwich ENG"]
[Date "2004.05.02"]
[Round "8.2"]
[White "Beaumont, Chris"]
[Black "Cobb, James E"]
[Result "0-1"]
[WhiteElo "2336"]
[BlackElo "2325"]
[PlyCount "62"]
[EventDate "2004.05.02"]

1. d4 Nf6 2. Nf3 c5 3. d5 e6 4. Nc3 exd5 5. Nxd5 Nxd5 6. Qxd5 Nc6 7. e4 d6 8.
c3 Be6 9. Qd3 Be7 10. Be2 O-O 11. O-O h6 12. Rd1 Qa5 13. Bf4 Rfd8 14. Nd2 Ne5
15. Bxe5 dxe5 16. Qg3 Bg5 17. Nf1 Rxd1 18. Bxd1 Qb5 19. b3 Qa5 20. a3 Rd8 21.
h4 Bf4 22. Qf3 h5 23. b4 Qc7 24. Qe2 cxb4 25. cxb4 Qc3 26. Rb1 Qxa3 27. g3 Bh6
28. Qc2 Rc8 29. Qe2 g6 30. Qb5 Qa2 31. Qd3 Bc4 0-1

[Event "4NCL/Div2/SWD1 vs. BRI1"]
[Site "West Bromwich ENG"]
[Date "2004.05.02"]
[Round "8.3"]
[White "Dineley, Richard D P"]
[Black "Buckley, Simon T"]
[Result "1/2-1/2"]
[WhiteElo "2269"]
[BlackElo "2294"]
[PlyCount "48"]
[EventDate "2004.05.02"]

1. e4 e6 2. d4 d5 3. Nd2 Nf6 4. e5 Nfd7 5. Bd3 c5 6. c3 Nc6 7. Ne2 Qb6 8. Nf3
cxd4 9. cxd4 f6 10. exf6 Nxf6 11. O-O Bd6 12. b3 O-O 13. Bf4 Bxf4 14. Nxf4 Bd7
15. Rc1 Rae8 16. Bb1 Kh8 17. g3 e5 18. dxe5 Nxe5 19. Nxe5 Rxe5 20. Qd2 Rfe8 21.
Rfe1 Qd6 22. h4 Bc6 23. Rxe5 Qxe5 24. Bg6 Re7 1/2-1/2

[Event "4NCL/Div2/SWD1 vs. BRI1"]
[Site "West Bromwich ENG"]
[Date "2004.05.02"]
[Round "8.4"]
[White "Rudd, Jack"]
[Black "James, David J"]
[Result "1-0"]
[WhiteElo "2253"]
[BlackElo "2258"]
[PlyCount "71"]
[EventDate "2004.05.02"]

1. e4 c5 2. Nf3 d6 3. Nc3 a6 4. e5 e6 5. exd6 Bxd6 6. d4 Nf6 7. Be3 cxd4 8.
Qxd4 Nc6 9. Qh4 Qa5 10. Bd3 Nb4 11. Rd1 Nxd3+ 12. Rxd3 Be7 13. O-O Bd7 14. Rfd1
Bc6 15. Nd4 Rc8 16. Nxc6 Rxc6 17. b4 Qc7 18. Ne4 Rc4 19. Nxf6+ Bxf6 20. Qh5
Rxb4 21. Rd7 Qxd7 22. Rxd7 Kxd7 23. Qxf7+ Kd6 24. h3 Rc8 25. g4 Rb1+ 26. Kg2
Rxc2 27. g5 Be5 28. Qe8 Rc7 29. Qd8+ Kc6 30. Qd3 Rb5 31. Qxh7 Rd5 32. Qg8 Rd6
33. h4 Kd5 34. Qh7 Kc6 35. Qe4+ Kd7 36. Qxe5 1-0

[Event "4NCL/Div2/SWD1 vs. BRI1"]
[Site "West Bromwich ENG"]
[Date "2004.05.02"]
[Round "8.5"]
[White "Zeidler, Sven P"]
[Black "Sherwin, James T"]
[Result "1/2-1/2"]
[WhiteElo "2233"]
[BlackElo "2309"]
[PlyCount "87"]
[EventDate "2004.05.02"]

1. e4 c6 2. d4 d5 3. f3 e6 4. Nc3 Nd7 5. Bf4 Bb4 6. Qd3 Ne7 7. Nge2 Ng6 8. Bg3
dxe4 9. fxe4 e5 10. a3 Ba5 11. O-O-O Qe7 12. h4 h5 13. d5 Nf6 14. Na4 O-O 15.
d6 Qd8 16. Nc5 Bb6 17. Bf2 Bg4 18. Rd2 Nd7 19. Nxd7 Qxd7 20. Bxb6 axb6 21. Ng3
Rfd8 22. Qb3 b5 23. Be2 Ra4 24. Rf1 Be6 25. Qc3 b4 26. Qc5 bxa3 27. bxa3 Rda8
28. Rf3 Nxh4 29. Rc3 R8a5 30. Qe3 Nxg2 31. Qg5 Nf4 32. Nxh5 Nxh5 33. Qxh5 Rxe4
34. Bd3 Re1+ 35. Kb2 f5 36. Rh2 e4 37. Qh7+ Kf8 38. Qh8+ Kf7 39. Rg2 Kf6 40.
Qf8+ Ke5 41. Rxg7 Qxd6 42. Qh8 Qb4+ 43. Rb3 Qd4+ 44. Rc3 1/2-1/2